=LDR 00000nam 2200000 4500 =001 INLIS000000000003818 =005 20130612092124 =008 ***********************************Ind** =035 ##$$0010-061300000003818 =041 ##$$a Ind =082 ##$$a 511 =090 ##$$a 511, Pal p =100 ##$$a Paling, D =245 ##$$a Pengolahan dengan gugus dan bilangan, D. Paling; diindonesiaka oleh, Andi Hakim Nasoetion =260 ##$$a 1973 $b Jakarta =300 ##$$a 43 hlm., ilus., 21 cm =650 ##$$a Matematika =700 ##$$a Nasution, Andi Hakim =850 ##$$a NBPNMAT